Ciutat i salut
ISBN:
9788419091246
Descripción Física:
335 pàg. ; il. ; gràf. ; 24 cm.
Colección:
Sèrie Urbanisme i Habitatge
; 4
Idioma:
Catalán
MARC
| LEADER | 00000nam a22000007a 4500 | ||
|---|---|---|---|
| 001 | 26863 | ||
| 003 | Arxiu | ||
| 005 | 20260324181143.0 | ||
| 008 | 221011b spa||||| |||| 00| 0 cat d | ||
| 017 | |a B 10258-2022 | ||
| 020 | |a 9788419091246 | ||
| 040 | |a agdb | ||
| 041 | |a cat | ||
| 245 | |a Ciutat i salut | ||
| 250 | |a Primera edició | ||
| 260 | |a Barcelona : |b Diputació de Barcelona ; |c 2022 | ||
| 300 | |a 335 pàg. ; |b il. ; gràf. ; |c 24 cm. | ||
| 490 | |a Sèrie Urbanisme i Habitatge ; |v 4 | ||
| 650 | 0 | |a Salut urbana |9 54479 | |
| 650 | 0 | |9 52494 |a Habitatge i salut | |
| 710 | 1 | |a Barcelona (Catalunya : Província). |b Gerència de Serveis d'Habitatge, Urbanisme i Activitats |9 52885 | |
| 942 | |2 udc |c ARXIU |n 1 | ||
| 952 | |0 0 |1 0 |2 udc |4 0 |6 BIB981 |7 1 |9 63977 |a Arxiu |b Arxiu |d 2022-10-11 |l 0 |o Bib-981 |p 26863 |r 2022-10-11 00:00:00 |w 2022-10-11 |y ARXIU | ||
| 999 | |c 82696 |d 82696 | ||